000 01142cam a22003254a 4500
001 12561526
003 OSt
005 20230714103858.0
008 011011s2002 dcua b i001 0 eng
010 _a 2001046928
020 _a0821350390
040 _aDLC
_cDLC
_dDLC
042 _apcc
043 _acl-----
082 0 0 _a363
_bEST
100 1 _aEstache, Antonio.
245 1 0 _aAccounting for poverty in infrastructure reform :
_blearning from Latin America's experience /
_cAntonio Estache, Vivien Foster, Quentin Wodon.
260 _aWashington, D.C. :
_bWorld Bank,
_c2002.
300 _avii, 122 p. :
_bill. ;
_c24 cm.
440 0 _aWBI development studies
504 _aIncludes bibliographical references (p. 111-116) and index.
650 0 _aPublic utilities
_zLatin America.
650 0 _aPoverty
_zLatin America.
650 0 _aPrivatization
_zLatin America.
700 1 _aFoster, Vivien,
_d1968-
700 1 _aWodon, Quentin.
906 _a7
_bcbc
_corignew
_d1
_eocip
_f20
_gy-gencatlg
942 _2ddc
_cBK
999 _c3962
_d3962